00270nam a2200109Ia 45000010005000000080041000050200022000460820024000681000034000922450011001262600023001373898241024s9999 xx 000 0 und d a978-9945-465-39-6 aRD/863.97293/SL634p aMiriam Slujalkovsky Jiménez 0aPancho bEdiciones CPc2013